Operating system as web CMS (WCM) - Management of users and user groups in the operating system via a web interface

Gespeichert in:
Bibliographische Detailangaben
1. Verfasser: Lukács, Bence Márk (Verfasst von)
Weitere Verfasser: Szabó, Gabriel (Betreuung Doktorarbeit)
Format: Manuskript Buch
Sprache:Slowakisch
Englisch
Veröffentlicht: 2023
Schlagworte:
Online-Zugang:http://is.stuba.sk/zp/portal_zp.pl?podrobnosti=155056
Tags: Tag hinzufügen
Keine Tags, Fügen Sie das erste Tag hinzu!

MARC

LEADER 00000ntm a22000003a 4500
001 stuzp92461
003 SK-STU
005 20230909213238.9
007 ta
008 150427s2015----xo-----f-mn---000-0-slo-d
040 |a STU  |b slo 
041 0 |a eng 
100 1 |a Lukács, Bence Márk  |u 070400  |4 aut  |U FIIT Fakulta informatiky a informačných technológií  |T FIIT Ústav počítačového inžinierstva a aplikovanej informatiky  |X 103030  |U I400  |Y 672  |7 103030 
242 0 1 |a Operačný systém ako web CMS (WCM) - Manažment používateľov a používateľských skupín v operačnom systéme cez webové rozhranie  |y slo 
245 1 0 |a Operating system as web CMS (WCM) - Management of users and user groups in the operating system via a web interface 
260 |c 2023 
650 4 |a autentifikácia  |2 slo 
650 4 |a autorizácia  |2 slo 
650 4 |a OAuth2  |2 slo 
650 4 |a prístupové tokeny  |2 slo 
650 4 |a povolenia  |2 slo 
650 4 |a operačný systém  |2 slo 
650 4 |a authorization  |2 eng 
650 4 |a OAuth2  |2 eng 
650 4 |a operating system  |2 eng 
650 4 |a tokens  |2 eng 
650 4 |a permissions  |2 eng 
650 4 |a authentication  |2 eng 
700 1 |a Szabó, Gabriel  |4 ths  |X 22280  |7 A000022280 
856 4 |u http://is.stuba.sk/zp/portal_zp.pl?podrobnosti=155056